| 000 | 01554nam a2200361 c 4500 | ||
|---|---|---|---|
| 003 | BLK | ||
| 005 | 20250709111245.0 | ||
| 008 | 180411b bul|||||r ||||||| ||bul|| | ||
| 010 | _aKNG00185837000 | ||
| 020 |
_a978-954-399-121-1 _bиздат.: СББ Медиа |
||
| 040 | _aBLK | ||
| 041 |
_aBUL _cBUL |
||
| 072 | 7 |
_2bullib _aН83 _xЧужда художествена литература Н |
|
| 080 |
_aАмериканска литература (на САЩ) _b821.111(73) _x-312.4 _z821.111(73)-312.4 |
||
| 100 | 1 |
_aЛескроарт, Джон Т. _eпърви автор _988531 |
|
| 139 |
_aЛескроарт, Джон Т. _bЛ 50 |
||
| 245 | 1 | 0 |
_aПод подозрение _bРоман _cДжон Т. Лескроарт; прев. от англ. Надежда Иванова Розова. |
| 257 | _aUSA | ||
| 260 |
_аСофия _bСББ Медиа _c2015 _fСофия : Ропринт |
||
| 300 |
_a296 с. _c20 см |
||
| 380 | _aX | ||
| 490 | 1 |
_aМайсторите на трилъра : Поредица на Story _v6 |
|
| 500 | _a1. изд. 2007 на изд. Весела Люцканова. - Ориг. загл. The Suspect / John Lescroart. - Кн. се разпространява със сп. Story. | ||
| 653 | _aтрилъри | ||
| 653 | _aромани | ||
| 659 | _aН | ||
| 852 | _aЦб 278952 | ||
| 856 | 4 |
_qpdf _u |
|
| 856 | 4 |
_qpdf _u |
|
| 942 |
_cKNG _n0 _027 |
||
| 944 |
_aCR _c13.01.2016 _lЦветелина Шанова _k30531 |
||
| 944 |
_aED _c14.07.2017 _lф / _kЛюдмила_Стоянова |
||
| 999 |
_c177182 _d177182 |
||